| 000 | 03144nam a2200301Ia 4500 | ||
|---|---|---|---|
| 003 | OSt | ||
| 005 | 20210812103726.0 | ||
| 008 | 210310s1998 sp ad gr 000 0dspa d | ||
| 020 | _a8434414317 | ||
| 040 |
_aCO-JMCR _cCO-JMCR |
||
| 041 | 1 |
_aspa _heng |
|
| 082 | 0 | 4 |
_a332.632 / _bH371i _223 |
| 100 | 1 |
_aHaugen, Robert A., _916934 _eautor |
|
| 245 | 1 | 3 |
_aEl increíble efecto enero : _bel misterio no resuelto de los mercados de valores / _cRobert A. Haugen, Josef Lakonishok ; [traducción de Vicente Morales López del Castillo] |
| 250 | _a1. edición | ||
| 260 |
_aBarcelona : _bEditorial Ariel, S. A., _c1998 |
||
| 300 |
_a156 páginas : _bilustraciones y gráficas a blanco y negro ; _c22 cm. |
||
| 490 | 0 | _aAriel Sociedad Económica | |
| 500 | _aIncluye notas a pie de página y datos biográficos de los autores Título original: The Incredible January Effect: The Stock Market's Unsolved Mystery | ||
| 504 | _aBibliografía: páginas 147-156 | ||
| 505 | 0 | _aSolamente en enero -- Si somos tan inteligentes...¿es posible que el mercado sea tan tonto? -- Tras las huellas de un gigante --El nombre del juego -- Jugando el juego | |
| 520 | 3 | _aAlgo extraño ha sucedido sistemáticamente en los mercados de acciones y obligaciones en todo el mundo. El hecho extraño es que, duran te décadas, ciertos tipos de valores han producido enormes ganancias en el primer mes del año. Para los inversores-tanto pequeños como grandes- esto es un gran negocio. La existencia de este fenómeno empieza ahora a ser reconocido, y su nombre -el Efecto Enero está entrando en el léxico de los académicos e inversores profesionales. • Las empresas pequeñas con un capital social valorado en menos de 200 millones de dólares... • Las acciones que se venden a precios considerablemente inferiores a los de niveles anteriores... • Acciones que no pagan dividendos.... Obligaciones de baja calidad emitidas por empresas... ¿Qué conexión se dan entre estos valores? Son parte de un grupo de élite de vehículos de inversión que experimenta rentabilidades des mesuradamente elevadas durante el primer mes del año. El increíble Efecto Enero indaga en el misterio, revelando hechos sobre los mercados de valores que los lectores encontrarán a un tiempo ilustradores y muy útiles. Gran parte de la investigación reciente sobre la conducta de los mercados de valores es acerca de este misterio que, por primera vez, es revelado en un lenguaje no académico. Los auto res Haugen y Lakonishok enfocan el tema al estilo de una buena nove la policíaca con sus pistas y evidencias. Finalmente, los autores explican cómo diseñar una estrategia de inversión para capturar los beneficios del Efecto Enero usando futuros fi nancieros, opciones sobre índices, fondos de inversión o acciones.941535-5 Ariel Sociedad Económica 9788434 414310 F5 F6 2 #3 # 3 45 4 & 6 5 7 | |
| 546 | _aTraducido del inglés. | ||
| 650 | 1 | 4 |
_aBolsa de valores _916936 |
| 650 | 2 | 4 |
_aBolsas de valores _zEstados Unidos _939318 |
| 700 | 1 |
_aMorales López del Castillo, Vicente, _etraductor _939319 |
|
| 942 |
_2ddc _cBK |
||
| 999 |
_c8320 _d8320 |
||